[Event "Grand Swiss "]
[Date "2025.09.08"]
[White "Pranav, V"]
[Black "Esipenko, Andrey"]
[WhiteElo "2596"]
[BlackElo "2687"]
[Round "5.5.19"]
[Result "1-0"]

1. e4 {[%clk 01:40:56] [%emt 00:00:02]} e5 {[%clk 01:40:48] [%emt 00:00:13]} 2.
Nf3 {[%clk 01:41:19] [%emt 00:00:07]} Nc6 {[%clk 01:41:10] [%emt 00:00:07]} 3.
Bb5 {[%clk 01:41:42] [%emt 00:00:07]} a6 {[%clk 01:41:33] [%emt 00:00:08]} 4.
Ba4 {[%clk 01:42:06] [%emt 00:00:06]} Nf6 {[%clk 01:41:53] [%emt 00:00:09]} 5.
O-O {[%clk 01:42:29] [%emt 00:00:07]} Be7 {[%clk 01:42:17] [%emt 00:00:06]} 6.
Re1 {[%clk 01:42:48] [%emt 00:00:11]} b5 {[%clk 01:42:38] [%emt 00:00:09]} 7.
Bb3 {[%clk 01:43:13] [%emt 00:00:05]} O-O {[%clk 01:43:00] [%emt 00:00:07]} 8.
a4 {[%clk 01:43:35] [%emt 00:00:09]} b4 {[%clk 01:43:23] [%emt 00:00:07]} 9. d4
{[%clk 01:43:56] [%emt 00:00:09]} d6 {[%clk 01:43:49] [%emt 00:00:04]} 10. dxe5
{[%clk 01:44:18] [%emt 00:00:09]} Nxe5 {[%clk 01:44:13] [%emt 00:00:06]} 11.
Nbd2 {[%clk 01:44:38] [%emt 00:00:09]} a5 {[%clk 01:44:35] [%emt 00:00:08]} 12.
h3 {[%clk 01:43:42] [%emt 00:01:27]} Bb7 {[%clk 01:37:32] [%emt 00:07:33]} 13.
Nxe5 {[%clk 01:43:52] [%emt 00:00:19]} dxe5 {[%clk 01:38:00] [%emt 00:00:02]}
14. Qf3 {[%clk 01:44:08] [%emt 00:00:13]} Kh8 {[%clk 01:07:45] [%emt 00:30:45]}
15. Nc4 {[%clk 01:25:45] [%emt 00:18:53]} Nd7 {[%clk 01:07:59] [%emt 00:00:16]}
16. Rd1 {[%clk 01:18:30] [%emt 00:07:45]} Qe8 {[%clk 00:47:14] [%emt 00:21:14]}
17. Qf5 {[%clk 01:02:42] [%emt 00:16:18]} Nc5 {[%clk 00:43:34] [%emt 00:04:11]}
18. Qxe5 {[%clk 01:01:37] [%emt 00:01:35]} Bxe4 {[%clk 00:40:53] [%emt
00:03:11]} 19. Qxc7 {[%clk 00:54:16] [%emt 00:07:50]} Nxb3 {[%clk 00:33:27]
[%emt 00:07:56]} 20. cxb3 {[%clk 00:53:47] [%emt 00:00:59]} Bc2 {[%clk 00:33:49]
[%emt 00:00:07]} 21. Nd6 {[%clk 00:49:47] [%emt 00:04:31]} Bxd6 {[%clk 00:34:17]
[%emt 00:00:03]} 22. Qxc2 {[%clk 00:50:05] [%emt 00:00:11]} Qe5 {[%clk 00:34:36]
[%emt 00:00:09]} 23. g3 {[%clk 00:50:01] [%emt 00:00:32]} Rac8 {[%clk 00:34:51]
[%emt 00:00:18]} 24. Qd3 {[%clk 00:50:10] [%emt 00:00:22]} Bc5 {[%clk 00:34:44]
[%emt 00:00:37]} 25. Kg2 {[%clk 00:49:48] [%emt 00:00:52]} h6 {[%clk 00:33:44]
[%emt 00:01:29]} 26. Rb1 {[%clk 00:42:25] [%emt 00:07:54]} g5 {[%clk 00:26:30]
[%emt 00:07:43]} 27. Bd2 {[%clk 00:37:48] [%emt 00:05:07]} Rfd8 {[%clk 00:24:07]
[%emt 00:02:53]} 28. Qf3 {[%clk 00:35:14] [%emt 00:03:03]} Kg7 {[%clk 00:24:31]
[%emt 00:00:06]} 29. h4 {[%clk 00:28:11] [%emt 00:07:33]} Be7 {[%clk 00:18:30]
[%emt 00:06:31]} 30. Be3 {[%clk 00:24:30] [%emt 00:04:11]} Bf6 {[%clk 00:15:35]
[%emt 00:03:24]} 31. hxg5 {[%clk 00:20:46] [%emt 00:04:14]} hxg5 {[%clk
00:16:00] [%emt 00:00:05]} 32. Bb6 {[%clk 00:14:36] [%emt 00:06:41]} Rxd1 {[%clk
00:06:45] [%emt 00:09:45]} 33. Rxd1 {[%clk 00:15:04] [%emt 00:00:02]} Rc2 {[%clk
00:06:51] [%emt 00:00:24]} 34. Rd5 {[%clk 00:12:08] [%emt 00:03:26]} Qxb2 {[%clk
00:06:41] [%emt 00:00:40]} 35. Be3 {[%clk 00:03:03] [%emt 00:09:35]} Rc3 {[%clk
00:06:11] [%emt 00:01:00]} 36. Rxa5 {[%clk 00:01:30] [%emt 00:02:03]} Rxb3
{[%clk 00:05:39] [%emt 00:01:02]} 37. Rb5 {[%clk 00:00:36] [%emt 00:01:24]} Qc2
{[%clk 00:03:44] [%emt 00:02:25]} 38. Rb6 {[%clk 00:00:32] [%emt 00:00:35]} Qg6
{[%clk 00:01:48] [%emt 00:02:24]} 39. g4 {[%clk 00:00:33] [%emt 00:00:30]} Ra3
{[%clk 00:01:22] [%emt 00:00:56]} 40. Rxb4 {[%clk 00:00:35] [%emt 00:00:28]} Ra1
{[%clk 00:00:59] [%emt 00:00:53]} 41. Qe4 {[%clk 00:44:42] [%emt 00:06:23]} Bc3
{[%clk 00:36:18] [%emt 00:15:11]} 42. Qxg6+ {[%clk 00:42:57] [%emt 00:02:15]}
Kxg6 {[%clk 00:34:40] [%emt 00:02:08]} 43. Rc4 {[%clk 00:43:13] [%emt 00:00:14]}
Ba5 {[%clk 00:33:09] [%emt 00:02:01]} 44. Kf3 {[%clk 00:40:42] [%emt 00:03:00]}
f6 {[%clk 00:32:52] [%emt 00:00:48]} 45. Ke4 {[%clk 00:39:02] [%emt 00:02:09]}
Ra2 {[%clk 00:32:57] [%emt 00:00:24]} 46. Bd4 {[%clk 00:32:10] [%emt 00:07:23]}
Be1 {[%clk 00:28:24] [%emt 00:05:03]} 47. Kf3 {[%clk 00:27:58] [%emt 00:04:43]}
Ba5 {[%clk 00:27:37] [%emt 00:01:17]} 48. Kg2 {[%clk 00:23:35] [%emt 00:04:52]}
Kf7 {[%clk 00:27:00] [%emt 00:01:07]} 49. Be3 {[%clk 00:22:14] [%emt 00:01:52]}
Kg6 {[%clk 00:26:53] [%emt 00:00:37]} 50. Kf3 {[%clk 00:22:05] [%emt 00:00:39]}
Ra3 {[%clk 00:19:05] [%emt 00:08:19]} 51. Ke2 {[%clk 00:19:04] [%emt 00:03:31]}
Ra1 {[%clk 00:14:01] [%emt 00:05:34]} 52. Bd4 {[%clk 00:18:59] [%emt 00:00:34]}
Rg1 {[%clk 00:13:48] [%emt 00:00:43]} 53. Kf3 {[%clk 00:13:22] [%emt 00:06:08]}
Rd1 {[%clk 00:12:49] [%emt 00:01:28]} 54. Ke3 {[%clk 00:13:27] [%emt 00:00:23]}
Rg1 {[%clk 00:08:42] [%emt 00:04:39]} 55. Rc6 {[%clk 00:12:44] [%emt 00:01:14]}
Bd8 {[%clk 00:07:54] [%emt 00:01:18]} 56. Rc8 {[%clk 00:11:31] [%emt 00:01:43]}
Ba5 {[%clk 00:07:30] [%emt 00:00:53]} 57. Ra8 {[%clk 00:10:57] [%emt 00:01:05]}
Bb4 {[%clk 00:07:22] [%emt 00:00:38]} 58. a5 {[%clk 00:10:58] [%emt 00:00:29]}
Bxa5 {[%clk 00:07:39] [%emt 00:00:13]} 59. Rxa5 {[%clk 00:11:21] [%emt
00:00:07]} Rxg4 {[%clk 00:08:02] [%emt 00:00:06]} 60. Ra6 {[%clk 00:05:46] [%emt
00:06:05]} Rf4 {[%clk 00:08:29] [%emt 00:00:02]} 61. Be5 {[%clk 00:05:58] [%emt
00:00:17]} Rf5 {[%clk 00:08:44] [%emt 00:00:17]} 62. Bc7 {[%clk 00:06:22] [%emt
00:00:06]} Rc5 {[%clk 00:08:07] [%emt 00:01:07]} 63. Bd8 {[%clk 00:04:44] [%emt
00:02:09]} Re5+ {[%clk 00:07:56] [%emt 00:00:40]} 64. Kf3 {[%clk 00:05:04] [%emt
00:00:10]} Rf5+ {[%clk 00:08:20] [%emt 00:00:06]} 65. Kg3 {[%clk 00:05:30] [%emt
00:00:04]} Kf7 {[%clk 00:07:06] [%emt 00:01:42]} 66. Bb6 {[%clk 00:03:54] [%emt
00:02:09]} Kg6 {[%clk 00:05:41] [%emt 00:01:54]} 67. Be3 {[%clk 00:04:14] [%emt
00:00:11]} Re5 {[%clk 00:05:17] [%emt 00:00:53]} 68. Kf3 {[%clk 00:04:39] [%emt
00:00:06]} Rf5+ {[%clk 00:04:57] [%emt 00:00:49]} 69. Ke4 {[%clk 00:05:08] [%emt
00:00:02]} Re5+ {[%clk 00:04:59] [%emt 00:00:27]} 70. Kd3 {[%clk 00:05:36] [%emt
00:00:03]} Kf7 {[%clk 00:03:01] [%emt 00:02:27]} 71. Rc6 {[%clk 00:03:50] [%emt
00:02:16]} Kg6 {[%clk 00:13:25] [%emt 00:05:06]} 72. Rc5 {[%clk 00:17:42] [%emt
00:01:39]} Re6 {[%clk 00:12:27] [%emt 00:01:27]} 73. Bd4 {[%clk 00:17:47] [%emt
00:00:26]} Kh5 {[%clk 00:11:11] [%emt 00:01:45]} 74. Ra5 {[%clk 00:16:57] [%emt
00:01:20]} Kg4 {[%clk 00:10:22] [%emt 00:01:18]} 75. Kc4 {[%clk 00:16:18] [%emt
00:01:10]} f5 {[%clk 00:09:46] [%emt 00:01:06]} 76. Kd5 {[%clk 00:15:03] [%emt
00:01:46]} Re2 {[%clk 00:09:58] [%emt 00:00:17]} 77. Ra8 {[%clk 00:13:15] [%emt
00:02:18]} f4 {[%clk 00:08:50] [%emt 00:01:38]} 78. Rg8 {[%clk 00:13:00] [%emt
00:00:45]} Re1 {[%clk 00:08:53] [%emt 00:00:24]} 79. Kc4 {[%clk 00:12:03] [%emt
00:01:30]} Rd1 {[%clk 00:07:34] [%emt 00:01:48]} 80. Kc3 {[%clk 00:11:48] [%emt
00:00:46]} Kf5 {[%clk 00:07:16] [%emt 00:00:48]} 81. Bb6 {[%clk 00:12:00] [%emt
00:00:18]} Kg4 {[%clk 00:04:20] [%emt 00:03:24]} 82. Rg7 {[%clk 00:11:46] [%emt
00:00:46]} Rd5 {[%clk 00:04:07] [%emt 00:00:41]} 83. Kc4 {[%clk 00:10:37] [%emt
00:01:41]} Rf5 {[%clk 00:02:17] [%emt 00:02:19]} 84. Ra7 {[%clk 00:10:52] [%emt
00:00:15]} Kf3 {[%clk 00:02:03] [%emt 00:00:44]} 85. Ra3+ {[%clk 00:11:07] [%emt
00:00:14]} Kg2 {[%clk 00:02:29] [%emt 00:00:02]} 86. Kd4 {[%clk 00:10:08] [%emt
00:01:31]} g4 {[%clk 00:02:36] [%emt 00:00:23]} 87. Ke4 {[%clk 00:10:31] [%emt
00:00:07]} Rf7 {[%clk 00:02:17] [%emt 00:00:49]} 88. Ra2 {[%clk 00:08:23] [%emt
00:02:39]} Rf8 {[%clk 00:00:37] [%emt 00:02:10]} 89. Bc5 {[%clk 00:07:19] [%emt
00:01:33]} Rf7 {[%clk 00:00:41] [%emt 00:00:25]} 90. Bd6 {[%clk 00:04:59] [%emt
00:02:51]} g3 {[%clk 00:00:33] [%emt 00:00:37]} 91. f3+ {[%clk 00:05:24] [%emt
00:00:06]} Kf1 {[%clk 00:00:43] [%emt 00:00:20]} 92. Ra5 {[%clk 00:03:24] [%emt
00:02:29]} Rf6 {[%clk 00:00:32] [%emt 00:00:40]} 93. Bxf4 {[%clk 00:03:02] [%emt
00:00:52]} g2 {[%clk 00:00:54] [%emt 00:00:08]} 94. Be3 {[%clk 00:03:15] [%emt
00:00:17]} Rg6 {[%clk 00:00:33] [%emt 00:00:51]} 95. f4 {[%clk 00:03:14] [%emt
00:00:31]} Rg3 {[%clk 00:00:32] [%emt 00:00:31]} 96. Rg5 {[%clk 00:03:27] [%emt
00:00:17]} Rh3 {[%clk 00:00:47] [%emt 00:00:15]} 97. f5 {[%clk 00:03:43] [%emt
00:00:15]} Rh8 {[%clk 00:01:01] [%emt 00:00:16]} 98. f6 {[%clk 00:03:31] [%emt
00:00:42]} 1-0

[Site "Europe Echecs"]

[Event "Grand Swiss "]
[Date "2025.09.08"]
[White "Suleymanli, Aydin"]
[Black "Tabatabaei, M. Amin"]
[WhiteElo "2602"]
[BlackElo "2673"]
[Round "5.5.20"]
[Result "0-1"]

1. d4 {[%clk 01:40:59] [%emt 01:56:40]} d5 {[%clk 01:40:30] [%emt 00:00:30]} 2.
c4 {[%clk 01:41:21] [%emt 00:00:08]} e6 {[%clk 01:40:52] [%emt 00:00:07]} 3. Nf3
{[%clk 01:41:48] [%emt 00:00:04]} Nf6 {[%clk 01:41:11] [%emt 00:00:10]} 4. g3
{[%clk 01:42:16] [%emt 00:00:03]} Be7 {[%clk 01:40:58] [%emt 00:00:42]} 5. Bg2
{[%clk 01:42:42] [%emt 00:00:04]} O-O {[%clk 01:41:18] [%emt 00:00:10]} 6. O-O
{[%clk 01:43:10] [%emt 00:00:03]} dxc4 {[%clk 01:41:39] [%emt 00:00:09]} 7. Qa4
{[%clk 01:43:33] [%emt 00:00:07]} a6 {[%clk 01:41:59] [%emt 00:00:09]} 8. Qxc4
{[%clk 01:44:00] [%emt 00:00:04]} b5 {[%clk 01:42:21] [%emt 00:00:08]} 9. Qc2
{[%clk 01:44:27] [%emt 00:00:03]} Bb7 {[%clk 01:42:41] [%emt 00:00:09]} 10. Bf4
{[%clk 01:44:35] [%emt 00:00:23]} Nc6 {[%clk 01:38:25] [%emt 00:04:45]} 11. Nc3
{[%clk 01:44:56] [%emt 00:00:10]} Nb4 {[%clk 01:34:15] [%emt 00:04:40]} 12. Qc1
{[%clk 01:45:15] [%emt 00:00:11]} h6 {[%clk 01:27:23] [%emt 00:07:22]} 13. a3
{[%clk 01:30:32] [%emt 00:15:13]} Nbd5 {[%clk 01:27:32] [%emt 00:00:20]} 14.
Nxd5 {[%clk 01:30:14] [%emt 00:00:49]} Nxd5 {[%clk 01:27:54] [%emt 00:00:08]}
15. Bd2 {[%clk 01:29:34] [%emt 00:01:11]} Nf6 {[%clk 01:05:16] [%emt 00:23:06]}
16. b4 {[%clk 01:21:41] [%emt 00:08:24]} Bd6 {[%clk 01:03:39] [%emt 00:02:07]}
17. Rd1 {[%clk 01:18:38] [%emt 00:03:34]} Bd5 {[%clk 00:57:02] [%emt 00:07:07]}
18. Be1 {[%clk 01:11:11] [%emt 00:07:56]} Qb8 {[%clk 00:55:23] [%emt 00:02:09]}
19. Ne5 {[%clk 01:03:34] [%emt 00:08:07]} Bxg2 {[%clk 00:52:56] [%emt 00:02:56]}
20. Kxg2 {[%clk 01:03:54] [%emt 00:00:11]} c5 {[%clk 00:41:31] [%emt 00:11:55]}
21. bxc5 {[%clk 01:04:14] [%emt 00:00:10]} Bxe5 {[%clk 00:41:56] [%emt
00:00:05]} 22. dxe5 {[%clk 01:04:37] [%emt 00:00:07]} Qxe5 {[%clk 00:42:22]
[%emt 00:00:03]} 23. Ra2 {[%clk 01:02:04] [%emt 00:03:03]} Rfc8 {[%clk 00:41:13]
[%emt 00:01:39]} 24. Rc2 {[%clk 01:02:22] [%emt 00:00:14]} Rc6 {[%clk 00:40:26]
[%emt 00:01:17]} 25. f3 {[%clk 01:02:05] [%emt 00:00:47]} Rac8 {[%clk 00:31:46]
[%emt 00:09:10]} 26. Bf2 {[%clk 01:01:44] [%emt 00:00:50]} Nd5 {[%clk 00:32:03]
[%emt 00:00:14]} 27. Rdd2 {[%clk 00:53:37] [%emt 00:08:37]} f5 {[%clk 00:28:56]
[%emt 00:03:37]} 28. Bd4 {[%clk 00:49:29] [%emt 00:04:38]} Qc7 {[%clk 00:29:18]
[%emt 00:00:08]} 29. e4 {[%clk 00:48:48] [%emt 00:01:12]} fxe4 {[%clk 00:29:16]
[%emt 00:00:32]} 30. fxe4 {[%clk 00:49:11] [%emt 00:00:07]} Ne7 {[%clk 00:27:25]
[%emt 00:02:19]} 31. Qd1 {[%clk 00:46:25] [%emt 00:03:19]} Ng6 {[%clk 00:21:55]
[%emt 00:05:59]} 32. Qh5 {[%clk 00:44:45] [%emt 00:02:10]} Kh7 {[%clk 00:22:06]
[%emt 00:00:20]} 33. Rf2 {[%clk 00:37:29] [%emt 00:07:45]} Rd8 {[%clk 00:16:37]
[%emt 00:06:00]} 34. Rcd2 {[%clk 00:37:45] [%emt 00:00:14]} Rd7 {[%clk 00:14:18]
[%emt 00:02:48]} 35. h4 {[%clk 00:26:41] [%emt 00:11:34]} Qd8 {[%clk 00:14:01]
[%emt 00:00:48]} 36. Qd1 {[%clk 00:26:50] [%emt 00:00:21]} e5 {[%clk 00:09:28]
[%emt 00:05:04]} 37. Be3 {[%clk 00:26:00] [%emt 00:01:19]} Rxd2 {[%clk 00:09:38]
[%emt 00:00:21]} 38. Rxd2 {[%clk 00:24:41] [%emt 00:01:50]} Qg8 {[%clk 00:05:02]
[%emt 00:05:05]} 39. Rd6 {[%clk 00:13:04] [%emt 00:12:06]} Qa2+ {[%clk 00:05:29]
[%emt 00:00:04]} 40. Qd2 {[%clk 00:00:53] [%emt 00:12:40]} Qc4 {[%clk 00:02:09]
[%emt 00:03:49]} 41. Qd3 {[%clk 00:41:48] [%emt 00:09:37]} Rxd6 {[%clk 00:46:09]
[%emt 00:06:30]} 42. Qxc4 {[%clk 00:40:28] [%emt 00:01:49]} bxc4 {[%clk
00:46:34] [%emt 00:00:05]} 43. cxd6 {[%clk 00:40:52] [%emt 00:00:05]} Nf8 {[%clk
00:47:02] [%emt 00:00:03]} 44. Kf3 {[%clk 00:36:39] [%emt 00:04:42]} Kg6 {[%clk
00:42:41] [%emt 00:04:51]} 45. Ke2 {[%clk 00:36:51] [%emt 00:00:19]} Nd7 {[%clk
00:42:58] [%emt 00:00:13]} 46. Kd2 {[%clk 00:30:27] [%emt 00:06:54]} Nf6 {[%clk
00:42:56] [%emt 00:00:32]} 47. Kc3 {[%clk 00:30:12] [%emt 00:00:46]} Nxe4+
{[%clk 00:43:20] [%emt 00:00:06]} 48. Kxc4 {[%clk 00:30:38] [%emt 00:00:04]}
Nxd6+ {[%clk 00:43:48] [%emt 00:00:03]} 49. Kd5 {[%clk 00:23:57] [%emt
00:07:10]} Nf5 {[%clk 00:43:57] [%emt 00:00:21]} 50. Bf2 {[%clk 00:21:19] [%emt
00:03:07]} Kh5 {[%clk 00:37:13] [%emt 00:07:15]} 51. Kxe5 {[%clk 00:21:42] [%emt
00:00:07]} Kg4 {[%clk 00:37:42]} 52. Ke6 {[%clk 00:14:22] [%emt 00:07:50]} Nxg3
{[%clk 00:32:27] [%emt 00:05:45]} 53. Kf7 {[%clk 00:14:05] [%emt 00:00:47]} Nf5
{[%clk 00:32:27] [%emt 00:00:30]} 54. Kg6 {[%clk 00:13:19] [%emt 00:01:16]} h5
{[%clk 00:32:41] [%emt 00:00:16]} 55. a4 {[%clk 00:08:06] [%emt 00:05:44]} Nxh4+
{[%clk 00:31:46] [%emt 00:01:25]} 56. Kxg7 {[%clk 00:08:32] [%emt 00:00:03]}
Nf5+ {[%clk 00:32:13] [%emt 00:00:04]} 57. Kg6 {[%clk 00:08:44] [%emt 00:00:18]}
a5 {[%clk 00:29:48] [%emt 00:02:55]} 0-1

[Site "Europe Echecs"]

[Event "Grand Swiss "]
[Date "2025.09.08"]
[White "Vachier-Lagrave, Maxime"]
[Black "Woodward, Andy"]
[WhiteElo "2738"]
[BlackElo "2557"]
[Round "5.5.21"]
[Result "1-0"]

1. e4 {[%clk 01:40:57] [%emt 00:00:02]} e5 {[%clk 01:40:50] [%emt 00:00:11]} 2.
Nf3 {[%clk 01:41:24] [%emt 00:00:04]} Nc6 {[%clk 01:41:11] [%emt 00:00:09]} 3.
Bb5 {[%clk 01:41:51] [%emt 00:00:02]} a6 {[%clk 01:41:32] [%emt 00:00:10]} 4.
Ba4 {[%clk 01:42:19] [%emt 00:00:03]} Nf6 {[%clk 01:41:52] [%emt 00:00:09]} 5.
O-O {[%clk 01:42:44] [%emt 00:00:05]} Bc5 {[%clk 01:42:14] [%emt 00:00:07]} 6.
c3 {[%clk 01:43:00] [%emt 00:00:14]} O-O {[%clk 01:42:33] [%emt 00:00:11]} 7. d4
{[%clk 01:43:26] [%emt 00:00:04]} Ba7 {[%clk 01:42:55] [%emt 00:00:08]} 8. Re1
{[%clk 01:41:26] [%emt 00:02:30]} d6 {[%clk 01:37:15] [%emt 00:06:09]} 9. h3
{[%clk 01:41:27] [%emt 00:00:30]} Re8 {[%clk 01:27:19] [%emt 00:10:26]} 10. Bxc6
{[%clk 01:34:24] [%emt 00:07:32]} bxc6 {[%clk 01:26:59] [%emt 00:00:51]} 11.
dxe5 {[%clk 01:34:51] [%emt 00:00:04]} dxe5 {[%clk 01:27:15] [%emt 00:00:13]}
12. Qxd8 {[%clk 01:35:16] [%emt 00:00:05]} Rxd8 {[%clk 01:27:35] [%emt
00:00:10]} 13. Nbd2 {[%clk 01:35:32] [%emt 00:00:13]} Nd7 {[%clk 01:24:33] [%emt
00:03:32]} 14. Nc4 {[%clk 01:34:07] [%emt 00:01:56]} f6 {[%clk 01:24:05] [%emt
00:00:59]} 15. Na5 {[%clk 01:32:23] [%emt 00:02:14]} Nb8 {[%clk 01:21:47] [%emt
00:02:47]} 16. Be3 {[%clk 01:32:36] [%emt 00:00:17]} Bb6 {[%clk 01:12:54] [%emt
00:09:23]} 17. Red1 {[%clk 01:21:48] [%emt 00:11:18]} Rxd1+ {[%clk 01:07:29]
[%emt 00:05:56]} 18. Rxd1 {[%clk 01:22:12] [%emt 00:00:05]} Bd7 {[%clk 01:07:27]
[%emt 00:00:31]} 19. b4 {[%clk 01:03:14] [%emt 00:19:29]} Bxa5 {[%clk 00:53:17]
[%emt 00:14:40]} 20. bxa5 {[%clk 01:03:39] [%emt 00:00:05]} Kf7 {[%clk 00:53:27]
[%emt 00:00:19]} 21. Ne1 {[%clk 01:03:01] [%emt 00:01:09]} c5 {[%clk 00:42:02]
[%emt 00:11:56]} 22. Bxc5 {[%clk 00:51:56] [%emt 00:11:35]} Ke8 {[%clk 00:41:26]
[%emt 00:01:05]} 23. Nd3 {[%clk 00:50:28] [%emt 00:01:58]} Nc6 {[%clk 00:36:38]
[%emt 00:05:18]} 24. Bb4 {[%clk 00:47:57] [%emt 00:03:01]} Rd8 {[%clk 00:33:52]
[%emt 00:03:15]} 25. Nc5 {[%clk 00:48:23] [%emt 00:00:04]} Bc8 {[%clk 00:34:14]
[%emt 00:00:08]} 26. Rd5 {[%clk 00:47:41] [%emt 00:01:10]} Ne7 {[%clk 00:33:37]
[%emt 00:01:08]} 27. Rxd8+ {[%clk 00:47:26] [%emt 00:00:45]} Kxd8 {[%clk
00:34:01] [%emt 00:00:06]} 28. h4 {[%clk 00:46:33] [%emt 00:01:23]} Ke8 {[%clk
00:30:54] [%emt 00:03:37]} 29. g3 {[%clk 00:44:32] [%emt 00:02:31]} g6 {[%clk
00:30:21] [%emt 00:01:02]} 30. f3 {[%clk 00:44:13] [%emt 00:00:50]} h5 {[%clk
00:25:55] [%emt 00:04:56]} 31. Kf2 {[%clk 00:43:06] [%emt 00:01:37]} g5 {[%clk
00:23:33] [%emt 00:02:51]} 32. hxg5 {[%clk 00:39:30] [%emt 00:04:07]} fxg5
{[%clk 00:23:55] [%emt 00:00:07]} 33. c4 {[%clk 00:39:58] [%emt 00:00:02]} g4
{[%clk 00:19:50] [%emt 00:04:35]} 34. f4 {[%clk 00:36:07] [%emt 00:04:22]} exf4
{[%clk 00:12:27] [%emt 00:07:53]} 35. gxf4 {[%clk 00:36:32] [%emt 00:00:05]} Ng6
{[%clk 00:12:45] [%emt 00:00:11]} 36. f5 {[%clk 00:36:18] [%emt 00:00:44]} Ne5
{[%clk 00:12:58] [%emt 00:00:17]} 37. Kg3 {[%clk 00:36:42] [%emt 00:00:07]} Nxc4
{[%clk 00:10:12] [%emt 00:03:17]} 38. Kf4 {[%clk 00:35:40] [%emt 00:01:31]} Nd6
{[%clk 00:05:03] [%emt 00:05:39]} 39. Be1 {[%clk 00:35:13] [%emt 00:00:56]} Kf7
{[%clk 00:00:34] [%emt 00:05:00]} 40. Bh4 {[%clk 00:35:30] [%emt 00:00:14]} Nb5
{[%clk 00:00:33] [%emt 00:00:31]} 41. Kg5 {[%clk 00:33:47] [%emt 00:02:13]} Nd6
{[%clk 00:41:22] [%emt 00:09:40]} 42. Kxh5 {[%clk 01:19:46] [%emt 00:04:31]} Bb7
{[%clk 00:40:04] [%emt 00:01:48]} 43. Nxb7 {[%clk 01:19:50] [%emt 00:00:26]}
Nxb7 {[%clk 00:40:27] [%emt 00:00:07]} 44. e5 {[%clk 01:19:49] [%emt 00:00:31]}
c5 {[%clk 00:40:35] [%emt 00:00:22]} 45. Kxg4 {[%clk 01:18:37] [%emt 00:01:42]}
c4 {[%clk 00:40:59] [%emt 00:00:06]} 46. Be1 {[%clk 01:19:02] [%emt 00:00:05]}
Nc5 {[%clk 00:41:23] [%emt 00:00:06]} 47. Kf3 {[%clk 01:19:14] [%emt 00:00:18]}
Nd3 {[%clk 00:41:44] [%emt 00:00:09]} 48. Bc3 {[%clk 01:19:33] [%emt 00:00:10]}
1-0

[Site "Europe Echecs"]